Memur'du kovuldu milletvekili oldu (Record no. 3550)

MARC details
000 -BAŞLIK
Sabit Uzunlukta Kontrol Alanı 00796na a2200277 4500
001 - KONTROL NUMARASI
Denetim Alanı 13980
003 - KONTROL NUMARASI IDENTIFIER
Denetim Alanı MIRAKIL
005 - SON İŞLEM TARİHİ VE ZAMANI
Denetim Alanı 20181213154935.0
008 - SABİT-BOY VERİ ELEMANLARI - GENEL BİLGİLER
Sabit Uzunlukta Kontrol Alanı 161005b tu 000 0
035 ## - SİSTEM KONTROL NUMARASI
Sistem Kontrol Numarası 13980
040 ## - KATALOGLAMA KAYNAK
Orijinal Kataloglama Ajansı Milas
Kataloglama Dili tur
Metne Dönüştürmek Ajansı TR-AnCHP
082 ## - DEWEY ONLU SINIFLANDIRMA NUMARASI
Sınıflandırma Numarası 923.2 Işık,M.
Ürün Numarası I74m 1997
090 ## - SINIFLAMA NUMARASI
Sınıflama Numarası 923.2 Işık,M. I74m 1997
100 ## - ANA GİRİŞ - KİŞİSEL İSİM
Kişisel Ad Işık, Mahmut
245 ## - BAŞLIK TABLOSU
Başlık Memur'du kovuldu milletvekili oldu
260 ## - YAYIN, DAĞITIM, VB
Yayın, Dağıtım, Vb Yeri Ankara
Yayıncı, Dağıtıcı, Vs Adı [yay.y.]
Yayın, Dağıtım, Vb Tarihi [t.y.]
Üretici Firma Plaka Matbaacılık
300 ## - FİZİKSEL TANIM
Kapsam 355 s.
Diğer Fiziksel Ayrıntıları res.
Boyutlar 20 sm.
600 ## - KONU KATMA GİRİŞ - KURUMSAL ADI
Kişisel Ad Işık, Mahmut
Başlıklar Ve Bir Adla İlişkili Diğer Kelimeler Sivas Milletvekili
Genel Alt Bölümü Anılar
650 ## - KONU KATMA GİRİŞ - TOPİKAL DÖNEM
Topikal Süreli Veya Coğrafi Ad Giriş Elemanı CHP
Genel Alt Bölümü Güneydoğu raporu
650 ## - KONU KATMA GİRİŞ - TOPİKAL DÖNEM
Topikal Süreli Veya Coğrafi Ad Giriş Elemanı CHP
Genel Alt Bölümü Tunceli raporu
650 ## - KONU KATMA GİRİŞ - TOPİKAL DÖNEM
Topikal Süreli Veya Coğrafi Ad Giriş Elemanı CHP
Genel Alt Bölümü Pakistan raporu
650 ## - KONU KATMA GİRİŞ - TOPİKAL DÖNEM
Topikal Süreli Veya Coğrafi Ad Giriş Elemanı CHP
Genel Alt Bölümü İrtica
650 ## - KONU KATMA GİRİŞ - TOPİKAL DÖNEM
Topikal Süreli Veya Coğrafi Ad Giriş Elemanı CHP
Genel Alt Bölümü Hakkari raporu
650 ## - KONU KATMA GİRİŞ - TOPİKAL DÖNEM
Topikal Süreli Veya Coğrafi Ad Giriş Elemanı CHP
Genel Alt Bölümü Sivas raporu
942 ## - EKLENDİ GİRİŞ ELEMANLARI (KOHA)
Sınıflandırma Veya Raf Düzeni Kaynak
Koha Öğesi Türü Books
999 ## - SİSTEM KONTROL NUMARALARI (KOHA)
Koha Biblionumber 3550
Koha Biblioitemnumber 3550
Holdings
Kalıcı Konum Mevcut Konum Edinme Tarihi Edinim Kaynak Toplam Check-Out'Lar Tam Çağrı Numarası Barkod Tarih Son Görülme İtibaren Geçerli Fiyatlar Koha Öğesi Türü
CHP Kütüphanesi CHP Kütüphanesi 08/23/2016 Bağış   923.2 Işık,M. I74m 1997 001906 08/23/2016 08/23/2016 Books